000
00326nam a2200145Ia 4500
008
230405s9999 xx 000 0 und d
020
_a
9789350643327
082
_a
928
_b
PRIA
100
_a
Amrita Pritam
245
0
_a
Aksharo Ke Saye
260
_a
Delhi
_b
Rajpal & Sons
300
_a
144
650
_a
Biography
942
_c
BK
999
_c
1440
_d
1440